SAPR sistem logičeskogo upravlenija

Gespeichert in:
Bibliographische Detailangaben
1. Verfasser: Gorbatov, Vjačeslav Afanas'jevič
Weitere Verfasser: Krylov, Aleksandr Vasil'jevič, Fedorov, Nikolaj Vladimirovič
Format: Buch
Sprache:Russisch
Veröffentlicht: Moskva Energoatomizdat 1988
Ausgabe:1. izd.
Tags: Tag hinzufügen
Keine Tags, Fügen Sie das erste Tag hinzu!

MARC

LEADER 00000nam a2200000 4500
001 c026953
005 20230223105543.8
041 0 |a rus 
044 |a RU 
245 1 0 |a SAPR sistem logičeskogo upravlenija  |c Vjačeslav Afanas'jevič Gorbatov, Aleksandr Vasil'jevič Krylov, Nikolaj Vladimirovič Fedorov 
250 |a 1. izd. 
264 1 |a Moskva  |b Energoatomizdat  |c 1988 
300 |a 229 s. 
100 1 |a Gorbatov, Vjačeslav Afanas'jevič 
700 1 |a Krylov, Aleksandr Vasil'jevič 
700 1 |a Fedorov, Nikolaj Vladimirovič